000 00312cam a22001097a 4500
008 180718b1976 xxu||||| |||| 00| 0 eng d
082 _aB501x5414 Or4/1976
100 _aOrissa. Political and Serivices Department
245 _aRules of business, Orissa
260 _aBhubaneswar
_bThe author
_c1976
300 _a79p.
999 _c488493
_d488493